000 00442nam a2200181Ia 4500
001 10441
005 20260306161832.0
008 260306t2013||||xx |||||||||||||| ||spa||
041 _aESP
082 _a929.0985
_bP78 2013
100 _aPortocarrero Suárez, Felipe
_eAUT
245 0 _aEl imperio Prado:
_b1890-1970
260 _c2013
300 _a312 páginas :
_c21 cm.
650 _aGEN
654 _aCHU
942 _cLIB
_dJUS
_fJUS
_2ddc
_n
999 _c10441
_d10441